NBA Categories - Statistics

General Stats
  • This quiz has been taken 71 times
  • The average score is 10 of 12
Answer Stats
Answer % Correct
C Clippers
86%
C Celtics
85%
H Hawks
85%
H Heat
85%
H Hornets
85%
P Pacers
85%
P Pelicans
83%
T Trail Blazers
83%
P Pistons
78%
T Timberwolves
78%
C Cavaliers
74%
T Thunder
69%
No matching quizzes found
Score Distribution
Percent of People with Each Score
Percentile by Number Answered
Your Score History
You have not taken this quiz